MOLECULAR BIOTECHNOLOGY: Principles and applications of recombinant DNA (Record no. 7859)

MARC details
000 -LEADER
fixed length control field 00511nam a22001817a 4500
005 - DATE AND TIME OF LATEST TRANSACTION
control field 20230112111854.0
008 - FIXED-LENGTH DATA ELEMENTS--GENERAL INFORMATION
fixed length control field 220208b ||||| |||| 00| 0 eng d
020 ## - INTERNATIONAL STANDARD BOOK NUMBER
ISBN 978-16-836-70-360
041 ## - LANGUAGE CODE
Language code of text/sound track or separate title eng
082 ## - DEWEY DECIMAL CLASSIFICATION NUMBER
Classification number 660.65
100 ## - MAIN ENTRY--AUTHOR NAME
Personal name GLICK, BERNARD R. AND PATTEN, CHERYL .L
245 ## - TITLE STATEMENT
Title MOLECULAR BIOTECHNOLOGY: Principles and applications of recombinant DNA
250 ## - EDITION STATEMENT
Edition statement 5th ed.
260 ## - PUBLICATION, DISTRIBUTION, ETC. (IMPRINT)
Place of publication U.S.A
Name of publisher A.S.M, PREES
Year of publication 2017
300 ## - PHYSICAL DESCRIPTION
Number of Pages 740,;p
650 ## - SUBJECT ADDED ENTRY--TOPICAL TERM
Topical Term PHARMACY
General subdivision B.PHARMA
942 ## - ADDED ENTRY ELEMENTS (KOHA)
Koha item type Books
Holdings
Lost status Damaged status Collection code Home library Current library Shelving location Date acquired Source of acquisition Cost, normal purchase price Full call number Accession Number Koha item type
    Reference JRU Library JRU Library SHELF-5-D 08/02/2022 PURCHASE 3495.00 660.65 25958 Books